Grief to Bury (Record no. 13945)
[ view plain ]
| 000 -LEADER | |
|---|---|
| fixed length control field | 00589nam a2200229 a 4500 |
| 020 ## - INTERNATIONAL STANDARD BOOK NUMBER | |
| ISBN | 9788125043058 |
| 082 00 - DEWEY DECIMAL CLASSIFICATION NUMBER | |
| Classification number | 305.4 |
| Author Cutter | KAN2 |
| 100 ## - MAIN ENTRY--AUTHOR NAME | |
| Author name | Kannabiran, Vasanth |
| 245 ## - TITLE STATEMENT | |
| Title | Grief to Bury |
| Sub title | Memories of Love, Work & Loss |
| 260 ## - PUBLICATION, DISTRIBUTION, ETC. (IMPRINT) | |
| Place of publication | New Delhi |
| Name of publisher | Orient Blackswan |
| Year of publication | 2011 |
| 300 ## - PHYSICAL DESCRIPTION | |
| Number of Pages | 370p |
| 500 ## - GENERAL NOTE | |
| General note | includes index and biblioraphy |
| 650 ## - SUBJECT ADDED ENTRY--TOPICAL TERM | |
| Topical Term | Feminism |
| 942 ## - ADDED ENTRY ELEMENTS (KOHA) | |
| Koha item type | Books |
| 700 1# - | |
| -- | Kannabiran, Vasanth |
| Collection code | Home library | Current library | Date acquired | Cost, normal purchase price | Full call number | Accession Number | Koha item type |
|---|---|---|---|---|---|---|---|
| Henry Martyn Institute Library | Henry Martyn Institute Library | 12/21/2011 | 725.00 | 305.4 KAN2 | 023770 | Books |
